000 00588nam a22002055i 4500
001 68644
003 ES-MaACL
005 20230906170327.0
007 t|
008 960813q18401898sp ||||1| spa d
040 _aCAM
_bspa
_cCAM
100 1 _aGay, Sofía.
_956111
245 1 4 _aLos salones célebres /
_cpor Sofía Gay.
260 _aMadrid :
_bLa España Moderna,
_c[s.a.] (
_fAgustín Avrial)
300 _a335 p. ;
_c17 cm.
490 1 _aColección de libros escogidos
830 0 _aColección de libros escogidos
_9181858
852 _aES-MaACL
_jA-4718
999 _c68644
_d68644